000 002870000a22001090004500
090 _aAS
_bSeriadas
245 1 0 _aReproductive periods in birds near the equator
041 0 _aInglés
100 1 _aMiller, Alden H.
_997010
942 _cARTICULO
773 1 _tCaldasia
_345
_h37
_q295-301
_d1958
_g8
999 _c14711
_d14711